Central Library OPAC University of Rajshahi

Strategic analysis for venture evaluation : (Record no. 15609)

MARC details
000 -LEADER
fixed length control field 00910cam a2200289 a 4500
001 - CONTROL NUMBER
control field 15609
003 - CONTROL NUMBER IDENTIFIER
rucl marc code BD-RjUL
005 - DATE AND TIME OF LATEST TRANSACTION
control field 20211208235844.0
008 - FIXED-LENGTH DATA ELEMENTS--GENERAL INFORMATION
fixed length control field 140210t1982 nyua 001 0 eng
020 ## - INTERNATIONAL STANDARD BOOK NUMBER
International Standard Book Number 0442245076
035 ## - SYSTEM CONTROL NUMBER
System control number (BD-RjUL)15664
040 ## - CATALOGING SOURCE
Original cataloging agency DLC
Transcribing agency DLC
Modifying agency DLC
-- BD-RjUL
Language of cataloging eng
041 ## - LANGUAGE CODE
Language code of text/sound track or separate title eng
082 00 - DEWEY DECIMAL CLASSIFICATION NUMBER
Classification number 658.406
Edition number 19
Author mark and year PAS 1982
100 1# - MAIN ENTRY--PERSONAL NAME
Personal name Park, William R.
9 (RLIN) 48454
245 10 - TITLE STATEMENT
Title Strategic analysis for venture evaluation :
Remainder of title the SAVE approach to business decisions /
Statement of responsibility, etc. W. R. Park and J. B. Maillie.
260 ## - PUBLICATION, DISTRIBUTION, ETC. (IMPRINT)
Place of publication, distribution, etc. New York :
Name of publisher, distributor, etc. Van Nostrand Reinhold,
Date of publication, distribution, etc. c1982.
300 ## - PHYSICAL DESCRIPTION
Pagination xvi, 179 p. :
Illustrations ill. ;
Size 24 cm.
504 ## - BIBLIOGRAPHY, ETC. NOTE
Bibliography, etc Includes index.
650 #0 - SUBJECT ADDED ENTRY--TOPICAL TERM
Topical term or geographic name as entry element New products
General subdivision Evaluation.
9 (RLIN) 48455
Topical term or geographic name as entry element New business enterprises
General subdivision Evaluation.
9 (RLIN) 48456
700 1# - ADDED ENTRY--PERSONAL NAME
Personal name Maillie, J. B.
942 ## - ADDED ENTRY ELEMENTS (KOHA)
Source of classification or shelving scheme Dewey Decimal Classification
Koha item type Books
Holdings
Lost status Source of classification or shelving scheme Damaged status Not for loan Collection code Permanent Location Current Location Shelving location Date acquired Source of acquisition Total Checkouts Full call number Date last seen Copy number Koha item type
  Dewey Decimal Classification   Not For Loan Non-fiction Central Library, University of Rajshahi Central Library, University of Rajshahi Reading Room 10/09/1989 Asia foundation   658.406 PAS 1982 10/02/2014 C-1 Books
  Dewey Decimal Classification     Non-fiction Central Library, University of Rajshahi Central Library, University of Rajshahi   10/07/1990     658.406 PAS 1982 23/01/2017 C-2 Books